| 000 | 00832nam a2200217 a 4500 | ||
|---|---|---|---|
| 005 | 20230601063647.0 | ||
| 008 | 991125n1985 [me 000 0 spa u | ||
| 035 | _aUPN01000033165 | ||
| 049 | _aF | ||
| 050 | 4 |
_aF1203 C8 _bno.41 |
|
| 245 | 0 | 0 |
_aJosé María Morelos y Pavón / _ccolab. Perla Chinchilla, Ruth Solís |
| 260 |
_a[México] : _bINEHRM, _c1985 |
||
| 300 |
_a79 p. : _bil |
||
| 440 | 0 |
_aSerie de cuadernos conmemorativos; _v41 |
|
| 500 | _aComisión Nacional para las celebraciones del 175 aniversario de la Independencia Nacional y 75 aniversario de la Revolución Mexicana | ||
| 600 | 1 | 4 |
_aMORELOS Y PAVON, JOSE MARIA, _d1765-1815 |
| 651 | 4 |
_aMéxico _xHistoria _yGuerra de Independencia, 1810-1821 _915381 |
|
| 700 | 2 |
_aChinchilla, Perla, _ecolab. |
|
| 700 | 1 |
_aSolís Vicarte, Ruth, _ecolab. _930032 |
|
| 905 | _aLibro | ||
| 999 |
_c33165 _d33165 |
||